01054nas a2200253Ia 4500001001100000003000900011008004100020040001300061040001300074041001200087100004600099210004300145222004300188245017900231250001100410260004400421501008600465300001800551362001700569500012900586650003600715700002000751700002900771R042/67637IT-RoPAU151124c99999999xx |||||||||||| ||und|| aIT-RoPAU cIT-RoPAU aINGLESE aAncona LeonardogCodice Aut. SPICS: 9913 aIKON-REVUE INTERNATIONAL DE FILMOLOGIE aIkon-Revue International De Filmologie aIKON-REVUE INTERNATIONALE DE FILMOLOGIE (N.062-1967)bAnalysis Of The Dynamic Relationships Between The Cathartic And The Frustrating Effect Of An Emotional Cinematographic S a1a ed. aMILANObISTITUTO AGOSTINO GEMELLIc1967 bPaulus - SPICS - Società San Paolo EM (non-commercial uses only)cCopyright2015 a24 p. [49-72] a(N.062-1967) aAnalisi dei Rapporti Dinamici tra un Effetto Catartico e Frustrante di Unostimolo Cinematografico Emozionante. Bibliografia. aCINEMAvPUBBLICAZIONE PERIODICA aFontanesi Mario gCodice Aut. SPICS: 6539